000 00333 a2200157 4500
001 175696
020 _a
040 _cMagnum
100 _aBorges, Geruza Helena
240 1 0 _aEstudos sociais/v.3
_lpor
245 1 0 _aEstudos sociais/v.3
362 0 _a1899
440 1 _aFTD
697 _aMAGNITO: ESTUDOS SOCIAIS
942 _cBK
999 _c175696
_d175696